| 000 | 01376nam a2200337 c 4500 | ||
|---|---|---|---|
| 003 | BLK | ||
| 005 | 20180420214646.0 | ||
| 008 | 180412b bul|||||r ||||||| ||bul|| | ||
| 010 | _aKNG00013075000 | ||
| 040 | _aBLK | ||
| 041 |
_aRUS _cRUS |
||
| 080 |
_aПредплащане на пощенски услуги. Франкировка. Пощенски марки. Филателия _b656.835 _x _z656.835 |
||
| 100 | 1 |
_aГросс, Оттон _eпърви автор _956697 |
|
| 700 | 1 |
_aГрыжевский, Казимеж _eсъавт. _956916 |
|
| 139 |
_aГросс, Оттон и др. _bГ 87 |
||
| 245 | 1 | 0 |
_aПутешествия в мире марок _cОттон Гросс; съавт. Казимеж Грыжевский. |
| 257 | _aSUN | ||
| 260 |
_аМосква _bПрогресс _c1977 _fКалинин : Полиграф. комб. Союзполиграфпрома |
||
| 300 |
_a252 с. _bс ил. _c22 см |
||
| 380 | _a62 | ||
| 500 | _aОриг. загл. Podroze w swiecie znaczkow / Otton Gross, Kazimierz Gryzewski. - 50 000 тир. | ||
| 650 | 4 |
_aФилателия _9175409 |
|
| 650 | 4 |
_aПощенски марки _9248148 |
|
| 653 | _aпощенски марки | ||
| 653 | _aфилателия | ||
| 852 | _aЦб 89862 | ||
| 856 | 4 |
_qpdf _u |
|
| 856 | 4 |
_qpdf _u |
|
| 942 |
_cKNG _n0 |
||
| 944 |
_aCR _c15.01.2003 _kЛюдмила_Стоянова |
||
| 944 |
_aED _c16.09.2003 _k |
||
| 999 |
_c11527 _d11527 |
||